000 00389nam a2200145Ia 4500
005 20251222144704.0
008 251222s9999||||xx |||||||||||||| ||spa||
020 _a8484983234
082 _a700/H71
100 _aHolgado Bueno, Inés
245 0 _aManifestaciones Artísticas de la Mitología Clásica en el Siglo de Oro
250 _a1ra.ed.
264 _bCPR de Alcalá
942 _cLIB
999 _c17573
_d17573